000 01113cad a22002295a 4500
001 L142019
008 080122s2007 xxkad f s 000 0 eng d
035 _a(Sirsi) u142019
041 0 _aeng
050 0 4 _a333.22 $2 18
110 2 _aNelson Bakewell
_92525
245 0 0 _aEuropean real estate guide 2008
_h[electronic resource]
260 _a[S.l.]
_bNelson Bakewell
_c2008
490 0 _aNelson Bakewell European Real Estate Guide
_v2008
520 _aOffers an overview of the differences in commercial leasing practices across twenty six European countries. Includes a guide to prime rents, typical costs of buying and leasing property and landlord and tenant duties. Finds that despite high financial turmoil in 2007, most European cities' prime rents have grown or remained stable.
590 _aKA NTK
650 2 4 _aNELSON BAKEWELL EUROPEAN REAL ESTATE GUIDE
651 4 _aEurope
690 _aPROPERTY-COMMERCIAL PROPERTY-COMMERCIAL PROPERTY MARKET
856 4 0 _uhttps://www.nelson-bakewell.com/
_zView this report free of charge under company, research at www. nelson-bakewell.com...
942 _n0
999 _c107830
_d107830